Closest Capital to Capital - Africa #1 - Statistics

General Stats
  • This quiz has been taken 7 times
  • The average score is 8 of 10
Answer Stats
Hint Answer % Correct
Algiers Tunis
100%
Khartoum Asmara
83%
Kinshasa Brazzaville
83%
Kigali Bujumbura
83%
Conakry Freetown
83%
Abuja Niamey
83%
Antananarivo Port Louis
83%
Bangui Kinshasa
67%
Mogadishu Nairobi
67%
Yamoussoukro Accra
50%
No matching quizzes found
Score Distribution
Percent of People with Each Score
Percentile by Number Answered
Your Score History
You have not taken this quiz